Word Ladder: Presidential Portrait Artist Quiz Stats

 Plays Quiz Updated Feb 16, 2015

Challenge
Share
Tweet
Embed
Score 0/25 Timer 02:00
2 Plays Today
Clue 4-Letter Word % Correct
Former President ClintonBILL
99.1%
Pants tightenerBELT
97.8%
Actor ConnerySEAN
97.7%
Liberty, sleigh, or TacoBELL
97.5%
Kyrgyz- or Afghani-STAN
97.2%
๐ŸŽจ Fishy respiratory part ๐ŸŽจ๐ŸŽจ GILL ๐ŸŽจ
97%
To thrust or pierce with a knifeSTAB
96.8%
๐ŸŽจ Ernie's very good friend ๐ŸŽจ๐ŸŽจ BERT ๐ŸŽจ
96.6%
Observed, watchedSEEN
96.5%
Past participle of beBEEN
95.9%
Switzerland's capitalBERN
94.6%
Slang for cabbage saladSLAW
94%
A broad piece of something (eg. cheese or rock)SLAB
93.8%
Clue 4-Letter Word % Correct
With steady, it wins the raceSLOW
93.2%
____ sea diverDEEP
93.1%
๐ŸŽจ A heartier version of soup ๐ŸŽจ๐ŸŽจ STEW ๐ŸŽจ
92.8%
Stalk that supports a leaf or flowerSTEM
92.5%
To pack away cargo, gearSTOW
91.9%
This little piggy ____ to marketWENT
90.2%
To leak slowly through porous materialSEEP
88.8%
To desire, craveWANT
87.7%
A depression in a surface from impactDENT
85.2%
Active ingredient in insect repellentsDEET
84.4%
๐ŸŽจ A small, rough growth on skin ๐ŸŽจ๐ŸŽจ WART ๐ŸŽจ
84.4%
To give the impression of a certain qualitySEEM
84.1%

Today's Daily Dose

You're not logged in!

Compare scores with friends on all Sporcle quizzes.
Join for Free
OR
Log In

You Might Also Like...

Show Comments

Extras

Top Quizzes Today


Score Distribution

Your Account Isn't Verified!

In order to create a playlist on Sporcle, you need to verify the email address you used during registration. Go to your Sporcle Settings to finish the process.

Report this User

Report this user for behavior that violates our Community Guidelines.

Details: